[Event "ChampionshipRT"]
[Site "?"]
[Date "2015.10.09"]
[Round "8.8"]
[White "Korovin, Mikhail"]
[Black "Chupakhin, Evgeny"]
[Result "0-1"]
[LiveChessVersion "1.4.6"]
[BlackElo "2042"]
[WhiteElo "2227"]

1. b3 {[%clk 1:22:58]} d5 {[%clk 1:30:06]} 2. Bb2 {[%clk 1:23:14]} c5
{[%clk 1:30:34]} 3. e3 {[%clk 1:23:39]} Nc6 {[%clk 1:30:57]} 4. Bb5
{[%clk 1:24:04]} Qb6 {[%clk 1:31:21]} 5. a4 {[%clk 1:24:20]} Bf5 {[%clk 1:29:26]}
6. Nc3 {[%clk 1:23:41]} Nf6 {[%clk 1:28:25]} 7. a5 {[%clk 1:21:35]} Qc7
{[%clk 1:27:07]} 8. a6 {[%clk 1:21:59]} b6 {[%clk 1:26:38]} 9. Nf3
{[%clk 1:21:59]} Bd7 {[%clk 1:22:12]} 10. Ba4 {[%clk 1:14:32]} e6
{[%clk 1:09:59]} 11. Nb5 {[%clk 1:14:53]} Qb8 {[%clk 1:08:07]} 12. c4
{[%clk 1:14:26]} Be7 {[%clk 1:05:46]} 13. O-O {[%clk 1:14:48]} O-O
{[%clk 1:06:00]} 14. d4 {[%clk 1:15:11]} cxd4 {[%clk 1:01:34]} 15. cxd5
{[%clk 0:52:18]} Nxd5 {[%clk 0:57:31]} 16. e4 {[%clk 0:43:15]} Nf6
{[%clk 0:46:24]} 17. Nfxd4 {[%clk 0:42:58]} Nxd4 {[%clk 0:39:20]} 18. Qxd4
{[%clk 0:43:16]} Rd8 {[%clk 0:37:09]} 19. Qe3 {[%clk 0:43:06]} Bc8
{[%clk 0:30:55]} 20. Rfc1 {[%clk 0:37:09]} Bc5 {[%clk 0:28:04]} 21. Qf3
{[%clk 0:19:31]} Rd2 {[%clk 0:18:37]} 22. Bxf6 {[%clk 0:18:38]} Rxf2
{[%clk 0:15:56]} 23. Rxc5 {[%clk 0:18:50]} Rxf3 {[%clk 0:16:15]} 24. Be5
{[%clk 0:19:12]} bxc5 {[%clk 0:12:39]} 25. Bxb8 {[%clk 0:19:36]} Rd3
{[%clk 0:10:34]} 26. Bf4 {[%clk 0:16:49]} Bd7 {[%clk 0:10:05]} 27. Rc1
{[%clk 0:17:12]} Bxb5 {[%clk 0:08:31]} 28. Bxb5 {[%clk 0:16:46]} Rxb3
{[%clk 0:08:50]} 29. Rxc5 {[%clk 0:15:08]} h6 {[%clk 0:06:49]} 30. Bd7
{[%clk 0:15:17]} Kf8 {[%clk 0:02:11]} 31. Bd6+ {[%clk 0:15:16]} Kg8
{[%clk 0:02:37]} 32. Rc8+ {[%clk 0:15:27]} Rxc8 {[%clk 0:03:06]} 33. Bxc8
{[%clk 0:15:48]} Rd3 {[%clk 0:02:44]} 34. Bf4 {[%clk 0:15:59]} g5
{[%clk 0:03:00]} 35. Be5 {[%clk 0:16:18]} Kf8 {[%clk 0:01:59]} 36. Bb7
{[%clk 0:16:40]} Rd8 {[%clk 0:01:33]} 37. Bc7 {[%clk 0:16:37]} Rd1+
{[%clk 0:00:57]} 38. Kf2 {[%clk 0:17:05]} Ke7 {[%clk 0:01:21]} 39. Bb8
{[%clk 0:17:17]} Kd7 {[%clk 0:01:38]} 40. Bxa7 {[%clk 0:17:44]} Kc7
{[%clk 0:01:42]} 41. Be3 {[%clk 0:18:09]} Ra1 {[%clk 0:01:16]} 42. h4
{[%clk 0:18:34]} gxh4 {[%clk 0:00:39]} 43. Bxh6 {[%clk 0:18:52]} Ra3
{[%clk 0:01:04]} 44. Bf4+ {[%clk 0:18:41]} Kb6 {[%clk 0:01:28]} 45. Be3+
{[%clk 0:16:22]} Kc7 {[%clk 0:01:57]} 46. e5 {[%clk 0:16:42]} Ra5
{[%clk 0:01:42]} 47. Bg5 {[%clk 0:16:41]} Ra4 {[%clk 0:01:55]} 48. Kf3
{[%clk 0:16:50]} Kb6 {[%clk 0:01:35]} 49. Be3+ {[%clk 0:17:01]} Kc7
{[%clk 0:02:04]} 50. Bf4 {[%clk 0:17:24]} Kb6 {[%clk 0:02:14]} 51. Kg4
{[%clk 0:17:47]} f6 {[%clk 0:00:44]} 52. exf6 {[%clk 0:17:30]} e5
{[%clk 0:00:58]} 53. Kf5 {[%clk 0:17:55]} Rxf4+ {[%clk 0:00:51]} 54. Kxe5
{[%clk 0:18:16]} Rf1 {[%clk 0:00:50]} 55. Ke6 {[%clk 0:18:05]} Re1+
{[%clk 0:00:55]} 56. Kf5 {[%clk 0:18:17]} Rf1+ {[%clk 0:00:36]} 57. Kg6
{[%clk 0:18:35]} Rg1 {[%clk 0:00:31]} 58. f7 {[%clk 0:18:53]} Rf1
{[%clk 0:00:38]} 59. Kg7 {[%clk 0:19:17]} h3 {[%clk 0:01:06]} 60. g4 0-1

[Event "ChampionshipRT"]
[Site "?"]
[Date "2015.10.09"]
[Round "8.9"]
[White "Kuznetsova, Darya"]
[Black "Bulatova, Kamaliya"]
[Result "0-1"]
[LiveChessVersion "1.4.6"]
[BlackElo "1808"]
[WhiteElo "1936"]

1. e4 {[%clk 1:30:58]} c5 {[%clk 1:30:26]} 2. Nf3 {[%clk 1:30:57]} d6
{[%clk 1:30:53]} 3. d4 {[%clk 1:31:22]} cxd4 {[%clk 1:31:09]} 4. Nxd4
{[%clk 1:31:47]} Nf6 {[%clk 1:31:34]} 5. Nc3 {[%clk 1:32:12]} a6 {[%clk 1:31:57]}
6. Bg5 {[%clk 1:32:34]} e6 {[%clk 1:32:21]} 7. Qf3 {[%clk 1:32:58]} h6
{[%clk 1:31:38]} 8. Bd2 {[%clk 1:29:21]} Nbd7 {[%clk 1:28:20]} 9. O-O-O
{[%clk 1:27:31]} Ne5 {[%clk 1:18:17]} 10. Qg3 {[%clk 1:23:09]} Bd7
{[%clk 1:13:51]} 11. f4 {[%clk 1:19:51]} Nc6 {[%clk 1:13:35]} 12. Nxc6
{[%clk 1:09:21]} Bxc6 {[%clk 1:11:27]} 13. e5 {[%clk 1:07:20]} dxe5
{[%clk 1:09:39]} 14. Bc4 {[%clk 0:48:04]} b5 {[%clk 0:54:59]} 15. Bxe6
{[%clk 0:28:38]} fxe6 {[%clk 0:29:02]} 16. f5 {[%clk 0:20:59]} Qc7
{[%clk 0:27:15]} 17. Rhe1 {[%clk 0:17:32]} O-O-O {[%clk 0:26:00]} 18. fxe6
{[%clk 0:17:16]} b4 {[%clk 0:24:21]} 19. Nb1 {[%clk 0:11:41]} Bd6
{[%clk 0:20:35]} 20. Be3 {[%clk 0:09:08]} Be4 {[%clk 0:19:48]} 21. c3
{[%clk 0:07:55]} Bd5 {[%clk 0:17:17]} 22. Qf2 {[%clk 0:07:43]} Ng4
{[%clk 0:17:17]} 23. Qf5 {[%clk 0:08:11]} Nxe3 {[%clk 0:16:11]} 24. Rxe3
{[%clk 0:08:39]} Rhf8 {[%clk 0:15:48]} 25. Qd3 {[%clk 0:07:19]} Bc4
{[%clk 0:15:29]} 26. Qe4 {[%clk 0:07:34]} Bxe6 {[%clk 0:12:58]} 27. Qa8+
{[%clk 0:07:44]} Kd7 {[%clk 0:13:25]} 28. Qxa6 {[%clk 0:08:04]} Ke7
{[%clk 0:13:06]} 29. Rg3 {[%clk 0:07:41]} Rf7 {[%clk 0:13:06]} 30. Rgd3 Bc4 0-1

[Event "ChampionshipRT"]
[Site "?"]
[Date "2015.10.09"]
[Round "8.10"]
[White "Semenova, Dariya"]
[Black "Markelova, Lubov"]
[Result "0-1"]
[LiveChessVersion "1.4.6"]
[BlackElo "2090"]
[WhiteElo "1448"]

1. e4 {[%clk 1:30:50]} c5 {[%clk 1:25:06]} 2. Nc3 {[%clk 1:31:01]} Nc6
{[%clk 1:23:40]} 3. g3 {[%clk 1:31:23]} g6 {[%clk 1:23:11]} 4. Bg2
{[%clk 1:31:46]} Bg7 {[%clk 1:23:27]} 5. d3 {[%clk 1:32:11]} e6 {[%clk 1:23:03]}
6. Be3 {[%clk 1:31:47]} Qa5 {[%clk 1:22:34]} 7. Qd2 {[%clk 1:25:47]} Nd4
{[%clk 1:21:30]} 8. Nce2 {[%clk 1:09:20]} Nxc2+ {[%clk 1:20:38]} 9. Kd1
{[%clk 0:54:24]} Qxd2+ {[%clk 1:20:39]} 10. Bxd2 {[%clk 0:52:35]} Nxa1
{[%clk 1:20:56]} 11. Nc3 {[%clk 0:51:12]} Nf6 {[%clk 1:12:00]} 12. Nb5
{[%clk 0:48:12]} O-O {[%clk 1:10:38]} 13. Nc7 {[%clk 0:46:38]} Rb8
{[%clk 1:11:01]} 14. Bf4 {[%clk 0:46:45]} Ng4 {[%clk 1:09:40]} 15. Nh3
{[%clk 0:42:35]} Ne5 {[%clk 0:57:29]} 16. Nb5 {[%clk 0:37:37]} a6
{[%clk 0:55:08]} 17. Nc3 {[%clk 0:36:01]} d6 {[%clk 0:51:55]} 18. Kd2
{[%clk 0:34:48]} h6 {[%clk 0:50:48]} 19. Rxa1 {[%clk 0:28:48]} b5
{[%clk 0:51:01]} 20. Ne2 {[%clk 0:24:36]} g5 {[%clk 0:47:38]} 21. Be3
{[%clk 0:24:37]} Ng4 {[%clk 0:45:11]} 22. Rb1 {[%clk 0:23:41]} Bb7
{[%clk 0:43:23]} 23. f3 {[%clk 0:20:35]} Nxe3 {[%clk 0:42:54]} 24. Kxe3
{[%clk 0:20:39]} d5 {[%clk 0:40:50]} 25. Nf2 {[%clk 0:14:43]} Rfd8
{[%clk 0:40:59]} 26. b3 {[%clk 0:12:38]} Rbc8 {[%clk 0:39:54]} 27. Kd2
{[%clk 0:10:54]} c4 {[%clk 0:35:36]} 28. exd5 {[%clk 0:09:12]} cxd3
{[%clk 0:35:21]} 29. Nxd3 {[%clk 0:09:30]} Rxd5 {[%clk 0:35:19]} 30. f4
{[%clk 0:09:23]} Rxd3+ {[%clk 0:35:39]} 31. Kxd3 {[%clk 0:09:32]} Bxg2
{[%clk 0:36:03]} 32. fxg5 {[%clk 0:08:56]} hxg5 {[%clk 0:36:25]} 33. Kd2
{[%clk 0:08:02]} Be4 {[%clk 0:36:42]} 34. Re1 {[%clk 0:07:31]} f5
{[%clk 0:37:01]} 35. a3 {[%clk 0:06:46]} Bb2 {[%clk 0:37:13]} 36. a4
{[%clk 0:05:21]} Rd8+ {[%clk 0:37:32]} 37. Ke3 {[%clk 0:05:00]} Ba3
{[%clk 0:37:41]} 38. Kf2 {[%clk 0:04:53]} Bc5+ {[%clk 0:37:30]} 39. Kf1
{[%clk 0:05:04]} Rd3 {[%clk 0:36:56]} 40. Rc1 {[%clk 0:04:50]} Rf3+
{[%clk 0:37:19]} 41. Ke1 {[%clk 0:05:11]} Bb4+ {[%clk 0:37:43]} 42. Kd1
{[%clk 0:05:19]} Rf1# {[%clk 0:38:02]} 0-1

[Event "ChampionshipRT"]
[Site "?"]
[Date "2015.10.10"]
[Round "9.1"]
[White "Yandemirov, Valeri"]
[Black "Faizrakhmanov, Ramil"]
[Result "1/2-1/2"]
[LiveChessVersion "1.4.6"]
[BlackElo "2389"]
[WhiteElo "2376"]

1. Nf3 {[%clk 1:30:57]} Nf6 {[%clk 1:30:33]} 2. g3 {[%clk 1:31:11]} d5
{[%clk 1:30:28]} 3. Bg2 {[%clk 1:30:21]} c6 {[%clk 1:30:33]} 4. O-O
{[%clk 1:30:44]} Bg4 {[%clk 1:30:35]} 5. d4 {[%clk 1:30:57]} e6 {[%clk 1:29:59]}
6. Nbd2 {[%clk 1:31:14]} Nbd7 {[%clk 1:29:55]} 7. Re1 {[%clk 1:31:30]} Be7
{[%clk 1:29:02]} 8. e4 {[%clk 1:30:53]} O-O {[%clk 1:28:38]} 9. c3
{[%clk 1:31:03]} h6 {[%clk 1:27:24]} 10. Qb3 {[%clk 1:25:55]} Qc7
{[%clk 1:25:24]} 11. c4 {[%clk 1:18:55]} dxe4 {[%clk 1:19:41]} 12. Nxe4
{[%clk 1:18:28]} Nxe4 {[%clk 1:19:34]} 13. Rxe4 {[%clk 1:18:54]} Bf5
{[%clk 1:19:28]} 14. Re1 {[%clk 1:18:49]} Bf6 {[%clk 1:18:50]} 15. Bf4
{[%clk 1:05:35]} Qb6 {[%clk 1:12:33]} 16. Bd6 {[%clk 1:04:35]} Qxb3
{[%clk 1:10:02]} 17. axb3 {[%clk 1:05:01]} Rfe8 {[%clk 1:09:18]} 18. Ne5
{[%clk 1:00:17]} Be7 {[%clk 1:07:31]} 19. Bxe7 {[%clk 0:51:53]} Rxe7
{[%clk 1:06:03]} 20. c5 {[%clk 0:48:37]} a6 {[%clk 1:00:46]} 21. Nc4
{[%clk 0:45:48]} Rb8 {[%clk 0:58:49]} 22. Ra4 {[%clk 0:35:56]} Bd3
{[%clk 0:52:52]} 23. Re3 {[%clk 0:32:31]} Bxc4 {[%clk 0:50:13]} 24. bxc4
{[%clk 0:32:53]} Rd8 {[%clk 0:49:18]} 25. b4 {[%clk 0:25:04]} Nf6
{[%clk 0:47:07]} 26. b5 {[%clk 0:24:59]} Rxd4 {[%clk 0:32:55]} 27. bxa6
{[%clk 0:25:19]} bxa6 {[%clk 0:32:29]} 28. Rxa6 {[%clk 0:25:05]} Rxc4
{[%clk 0:31:31]} 29. Rxc6 {[%clk 0:25:11]} Rc1+ {[%clk 0:30:54]} 30. Bf1
{[%clk 0:25:36]} Nd5 {[%clk 0:30:07]} 31. Ra3 {[%clk 0:24:49]} g6
{[%clk 0:27:16]} 32. Kg2 {[%clk 0:24:02]} Rb7 {[%clk 0:25:34]} 33. Rc8+
{[%clk 0:20:37]} Kg7 {[%clk 0:25:50]} 34. Bd3 {[%clk 0:14:49]} Rb2
{[%clk 0:16:42]} 35. c6 {[%clk 0:11:44]} h5 {[%clk 0:11:33]} 36. h3
{[%clk 0:09:31]} Rb6 {[%clk 0:04:33]} 37. Be4 {[%clk 0:08:42]} Rbxc6
{[%clk 0:04:34]} 38. Rxc6 {[%clk 0:08:26]} Rxc6 {[%clk 0:05:00]} 39. Bxd5
{[%clk 0:07:21]} exd5 {[%clk 0:05:28]} 40. Ra5 {[%clk 0:07:25]} Rd6
{[%clk 0:05:16]} 41. Kf3 {[%clk 0:07:21]} Kf6 {[%clk 0:05:24]} 42. Ke3
{[%clk 0:07:28]} Ke6 {[%clk 0:05:37]} 43. Ra8 {[%clk 0:07:00]} Rb6
{[%clk 0:05:04]} 44. Re8+ {[%clk 0:07:13]} Kd7 {[%clk 0:04:45]} 45. Ra8
{[%clk 0:07:14]} Kd6 {[%clk 0:03:42]} 46. Rd8+ {[%clk 0:07:25]} Kc5
{[%clk 0:02:35]} 47. Rc8+ {[%clk 0:06:05]} Rc6 {[%clk 0:02:47]} 48. Ra8
{[%clk 0:06:18]} Re6+ {[%clk 0:02:30]} 49. Kd3 {[%clk 0:06:32]} Rf6
{[%clk 0:01:48]} 50. Ra5+ {[%clk 0:06:26]} Kd6 {[%clk 0:02:11]} 51. Ra6+
{[%clk 0:06:09]} Ke7 {[%clk 0:02:38]} 52. Ra7+ {[%clk 0:06:24]} Kf8
{[%clk 0:03:01]} 53. Ke3 {[%clk 0:06:24]} Re6+ {[%clk 0:02:25]} 54. Kd3
{[%clk 0:06:41]} Kg7 {[%clk 0:02:23]} 55. Rd7 {[%clk 0:05:42]} Re5
{[%clk 0:02:36]} 56. Kd4 {[%clk 0:02:28]} Rf5 {[%clk 0:02:38]} 57. Ke3
{[%clk 0:02:51]} Kf6 {[%clk 0:02:41]} 58. Rd6+ {[%clk 0:02:31]} Ke7
{[%clk 0:02:37]} 59. Ra6 {[%clk 0:02:56]} Re5+ {[%clk 0:02:01]} 60. Kd3
{[%clk 0:02:13]} Re6 {[%clk 0:01:31]} 61. Ra7+ {[%clk 0:01:56]} Kf6
{[%clk 0:01:53]} 62. Rd7 {[%clk 0:02:07]} Re5 {[%clk 0:02:04]} 63. Rd6+
{[%clk 0:02:09]} Ke7 {[%clk 0:02:24]} 64. Ra6 {[%clk 0:02:35]} Re4
{[%clk 0:02:00]} 65. Ra5 {[%clk 0:02:24]} Ke6 {[%clk 0:02:13]} 66. Ra6+
{[%clk 0:02:42]} Ke5 {[%clk 0:01:23]} 67. Ra7 {[%clk 0:02:35]} f6
{[%clk 0:02:06]} 68. Re7+ {[%clk 0:01:55]} Kf5 {[%clk 0:02:22]} 69. Rd7
{[%clk 0:02:19]} Ke6 {[%clk 0:02:39]} 70. Rd8 {[%clk 0:02:13]} Ra4
{[%clk 0:01:11]} 71. Re8+ {[%clk 0:02:03]} Kf5 {[%clk 0:01:30]} 72. Rd8
{[%clk 0:02:23]} Ra3+ {[%clk 0:01:36]} 73. Ke2 {[%clk 0:02:43]} Ra5
{[%clk 0:01:18]} 74. h4 {[%clk 0:02:28]} g5 {[%clk 0:01:17]} 75. hxg5
{[%clk 0:02:52]} fxg5 {[%clk 0:01:42]} 76. f3 {[%clk 0:01:59]} g4
{[%clk 0:01:13]} 77. Rf8+ {[%clk 0:02:12]} Ke5 {[%clk 0:01:31]} 78. fxg4
{[%clk 0:02:21]} Ra2+ {[%clk 0:01:51]} 79. Kd1 {[%clk 0:02:08]} hxg4
{[%clk 0:02:00]} 80. Rf4 {[%clk 0:02:33]} d4 {[%clk 0:02:02]} 81. Rxg4
{[%clk 0:02:52]} Kd5 {[%clk 0:02:28]} 82. Rf4 {[%clk 0:02:44]} Rg2
{[%clk 0:02:31]} 83. Rf3 {[%clk 0:02:50]} Ke4 {[%clk 0:02:31]} 84. Ra3
{[%clk 0:03:14]} Rg1+ {[%clk 0:02:51]} 85. Kd2 {[%clk 0:03:27]} Rh1
{[%clk 0:03:02]} 86. Rb3 {[%clk 0:03:32]} Ra1 {[%clk 0:03:23]} 87. Ke2
{[%clk 0:03:30]} Ra2+ {[%clk 0:03:49]} 1/2-1/2

[Event "ChampionshipRT"]
[Site "?"]
[Date "2015.10.10"]
[Round "9.2"]
[White "Nizamov, Ildar"]
[Black "Makhmutov, Rail"]
[Result "0-1"]
[LiveChessVersion "1.4.6"]
[BlackElo "2461"]
[WhiteElo "2286"]

1. Nf3 {[%clk 1:27:26]} d5 {[%clk 1:30:52]} 2. c4 {[%clk 1:27:21]} d4
{[%clk 1:31:12]} 3. e3 {[%clk 1:24:55]} Nc6 {[%clk 1:31:33]} 4. exd4 Nxd4
{[%clk 1:31:58]} 5. Nxd4 {[%clk 1:24:55]} Qxd4 {[%clk 1:32:23]} 6. Nc3
{[%clk 1:20:41]} c6 {[%clk 1:32:34]} 7. d3 {[%clk 1:20:09]} Nh6 8. Be3
{[%clk 1:03:46]} Qd8 {[%clk 1:32:40]} 9. Bf4 {[%clk 0:45:42]} Nf5
{[%clk 1:32:11]} 10. Qd2 {[%clk 0:44:52]} g6 {[%clk 1:24:25]} 11. O-O-O
{[%clk 0:34:04]} Bg7 {[%clk 1:21:50]} 12. g4 Nd4 {[%clk 1:21:48]} 13. h3
{[%clk 0:33:14]} O-O {[%clk 1:09:58]} 14. Bg2 {[%clk 0:27:50]} Re8
{[%clk 1:00:47]} 15. Bh6 {[%clk 0:27:04]} Bh8 {[%clk 1:00:22]} 16. Ne2
{[%clk 0:19:29]} c5 {[%clk 0:40:06]} 17. Nxd4 {[%clk 0:18:18]} Qxd4
{[%clk 0:38:50]} 18. Rhe1 {[%clk 0:09:20]} Bd7 {[%clk 0:35:08]} 19. Bf4
{[%clk 0:09:47]} Ba4 {[%clk 0:32:12]} 20. Be3 {[%clk 0:06:46]} Qf6
{[%clk 0:31:10]} 21. Bg5 {[%clk 0:06:26]} Qa6 {[%clk 0:31:16]} 22. Kb1
{[%clk 0:03:58]} Bxd1 {[%clk 0:31:34]} 23. Qxd1 {[%clk 0:04:18]} Bf6
{[%clk 0:29:41]} 24. Bf4 {[%clk 0:04:36]} Rad8 {[%clk 0:27:54]} 25. Qb3
{[%clk 0:05:03]} Qb6 {[%clk 0:26:56]} 26. Qxb6 {[%clk 0:04:53]} axb6
{[%clk 0:25:34]} 27. Kc2 {[%clk 0:05:22]} Rd7 {[%clk 0:25:16]} 28. Bg3
{[%clk 0:05:17]} Ra8 {[%clk 0:22:30]} 29. Ra1 {[%clk 0:04:27]} Kg7
{[%clk 0:21:46]} 30. a3 {[%clk 0:03:26]} Ra5 {[%clk 0:21:09]} 31. a4
{[%clk 0:03:33]} Ra8 {[%clk 0:20:43]} 32. Be4 {[%clk 0:02:41]} Bd4
{[%clk 0:19:45]} 33. Ra3 {[%clk 0:03:07]} h6 {[%clk 0:18:12]} 34. Rb3
{[%clk 0:01:07]} Rxa4 {[%clk 0:16:14]} 35. Rxb6 {[%clk 0:01:36]} Rb4
{[%clk 0:14:43]} 36. Rxb4 {[%clk 0:02:04]} cxb4 {[%clk 0:15:08]} 37. Kb3
{[%clk 0:02:15]} e6 {[%clk 0:13:04]} 38. Bf4 {[%clk 0:00:51]} Bc5
{[%clk 0:09:58]} 39. d4 {[%clk 0:00:41]} Bxd4 {[%clk 0:10:03]} 40. Kxb4
{[%clk 0:00:57]} f5 {[%clk 0:08:45]} 41. Bg2 {[%clk 0:00:50]} e5 {[%clk 0:08:17]}
42. Bc1 {[%clk 0:00:44]} Bxf2 {[%clk 0:08:12]} 43. Bd5 {[%clk 0:00:58]} e4
{[%clk 0:07:48]} 44. gxf5 {[%clk 0:01:25]} gxf5 {[%clk 0:08:09]} 45. Be6
{[%clk 0:01:49]} Rd1 {[%clk 0:08:00]} 46. Bf4 {[%clk 0:02:11]} e3
{[%clk 0:08:16]} 47. Bxe3 {[%clk 0:02:17]} Bxe3 {[%clk 0:08:41]} 48. Bxf5
{[%clk 0:02:44]} Kf6 {[%clk 0:08:40]} 49. Bc8 {[%clk 0:03:10]} b6
{[%clk 0:08:58]} 50. Kb5 {[%clk 0:03:25]} Rb1 {[%clk 0:09:14]} 51. b4
{[%clk 0:03:52]} Bc5 {[%clk 0:09:37]} 0-1

[Event "ChampionshipRT"]
[Site "?"]
[Date "2015.10.10"]
[Round "9.3"]
[White "Sharafiev, Azat"]
[Black "Toropov, Pavel"]
[Result "1-0"]
[LiveChessVersion "1.4.6"]
[BlackElo "2262"]
[WhiteElo "2419"]

1. e4 {[%clk 1:29:07]} c5 {[%clk 1:30:35]} 2. Nf3 {[%clk 1:29:25]} e6
{[%clk 1:31:04]} 3. d4 {[%clk 1:29:20]} cxd4 {[%clk 1:31:33]} 4. Nxd4
{[%clk 1:29:45]} Nf6 {[%clk 1:32:00]} 5. Nc3 {[%clk 1:30:10]} Nc6
{[%clk 1:32:28]} 6. Ndb5 {[%clk 1:29:47]} Bb4 {[%clk 1:32:52]} 7. a3
{[%clk 1:30:14]} Bxc3+ {[%clk 1:33:16]} 8. Nxc3 {[%clk 1:30:43]} d5
{[%clk 1:33:41]} 9. exd5 {[%clk 1:31:09]} Nxd5 {[%clk 1:34:09]} 10. Bd2
{[%clk 1:31:36]} O-O {[%clk 1:33:15]} 11. Qh5 {[%clk 1:31:30]} Qf6
{[%clk 1:02:40]} 12. O-O-O {[%clk 1:25:14]} Nxc3 {[%clk 1:02:45]} 13. Bxc3
{[%clk 1:25:36]} e5 {[%clk 1:03:04]} 14. Bd3 {[%clk 1:22:16]} g6 {[%clk 1:03:27]}
15. Qh6 {[%clk 1:22:22]} Bf5 {[%clk 0:52:21]} 16. Bc4 {[%clk 1:18:03]} Be6
{[%clk 0:51:22]} 17. Bb5 {[%clk 1:11:34]} Rac8 {[%clk 0:14:56]} 18. Qe3
{[%clk 1:04:53]} Nd4 {[%clk 0:10:56]} 19. Bxd4 {[%clk 1:04:01]} exd4
{[%clk 0:11:25]} 20. Rxd4 {[%clk 1:04:16]} Bf5 {[%clk 0:11:21]} 21. c3
{[%clk 1:00:20]} a6 {[%clk 0:08:59]} 22. Ba4 {[%clk 0:58:28]} b5 {[%clk 0:05:57]}
23. Bb3 {[%clk 0:58:01]} Rfe8 {[%clk 0:05:26]} 24. Qf4 {[%clk 0:54:09]} Qe7
{[%clk 0:02:39]} 25. Qd2 {[%clk 0:53:05]} a5 {[%clk 0:02:12]} 26. g4
{[%clk 0:51:13]} Be6 {[%clk 0:02:11]} 27. Bxe6 {[%clk 0:50:58]} Qxe6
{[%clk 0:02:37]} 28. Kb1 {[%clk 0:51:08]} Rc4 {[%clk 0:02:51]} 29. Rd1
{[%clk 0:50:15]} Rxd4 {[%clk 0:00:54]} 30. Qxd4 {[%clk 0:50:38]} Qb3
{[%clk 0:01:22]} 31. Qd5 {[%clk 0:48:12]} a4 {[%clk 0:01:51]} 32. Qd2
{[%clk 0:47:12]} Qc4 {[%clk 0:01:10]} 33. Qd3 {[%clk 0:45:50]} Qxg4
{[%clk 0:01:32]} 34. f3 {[%clk 0:45:14]} Qg5 {[%clk 0:01:11]} 35. Ka1
{[%clk 0:43:45]} h5 {[%clk 0:01:25]} 36. c4 {[%clk 0:43:34]} bxc4
{[%clk 0:01:22]} 37. Qxc4 {[%clk 0:44:02]} Qf6 {[%clk 0:00:57]} 38. f4
{[%clk 0:43:04]} Re3 {[%clk 0:00:58]} 39. Qxa4 Re2 40. Qd4 {[%clk 0:37:10]} Qxd4
{[%clk 0:01:16]} 41. Rxd4 {[%clk 0:37:39]} Rxh2 {[%clk 0:01:41]} 42. a4
{[%clk 0:37:56]} Re2 {[%clk 0:00:48]} 43. a5 {[%clk 0:37:56]} h4 {[%clk 0:00:54]}
44. Rd3 {[%clk 0:36:28]} f6 {[%clk 0:00:49]} 45. a6 {[%clk 0:31:44]} Re7
{[%clk 0:00:33]} 46. Rb3 {[%clk 0:28:58]} Re4 {[%clk 0:00:32]} 47. a7
{[%clk 0:29:01]} Ra4+ {[%clk 0:00:57]} 48. Ra3 {[%clk 0:29:29]} 1-0

[Event "ChampionshipRT"]
[Site "?"]
[Date "2015.10.10"]
[Round "9.4"]
[White "Samusenko, Maksim"]
[Black "Korovin, Mikhail"]
[Result "1-0"]
[LiveChessVersion "1.4.6"]
[BlackElo "2227"]
[WhiteElo "2334"]

1. d4 {[%clk 1:30:55]} d5 {[%clk 1:18:38]} 2. Bf4 {[%clk 1:31:06]} Nf6
{[%clk 1:19:02]} 3. e3 {[%clk 1:31:06]} c5 {[%clk 1:19:16]} 4. Nc3
{[%clk 1:30:38]} cxd4 {[%clk 1:19:38]} 5. exd4 {[%clk 1:30:26]} a6
{[%clk 1:19:57]} 6. Nf3 {[%clk 1:29:50]} Nc6 {[%clk 1:18:22]} 7. Ne5
{[%clk 1:28:52]} Bf5 {[%clk 1:14:35]} 8. g4 {[%clk 1:24:26]} Be6 {[%clk 1:09:39]}
9. h3 {[%clk 1:17:13]} Qb6 {[%clk 1:00:54]} 10. Nxc6 {[%clk 1:06:13]} Qxc6
{[%clk 1:00:48]} 11. Bd3 {[%clk 1:04:55]} g6 {[%clk 0:49:37]} 12. Qe2
{[%clk 1:00:48]} Nd7 {[%clk 0:47:41]} 13. Be3 {[%clk 0:54:00]} Bg7
{[%clk 0:42:49]} 14. f4 {[%clk 0:46:28]} Nc5 {[%clk 0:38:40]} 15. dxc5
{[%clk 0:22:29]} Bxc3+ {[%clk 0:26:14]} 16. bxc3 {[%clk 0:22:54]} d4
{[%clk 0:26:40]} 17. cxd4 {[%clk 0:22:48]} Qxh1+ {[%clk 0:27:01]} 18. Qf1
{[%clk 0:23:10]} Qxf1+ {[%clk 0:25:10]} 19. Kxf1 {[%clk 0:23:31]} f5
{[%clk 0:24:32]} 20. c4 {[%clk 0:21:49]} fxg4 {[%clk 0:22:48]} 21. hxg4
{[%clk 0:22:11]} Bxg4 {[%clk 0:22:48]} 22. Rb1 {[%clk 0:15:29]} Kf7
{[%clk 0:15:27]} 23. Rb6 {[%clk 0:12:15]} Bf5 {[%clk 0:15:38]} 24. Be2
{[%clk 0:12:22]} h5 {[%clk 0:14:16]} 25. Kg1 {[%clk 0:11:28]} Be4
{[%clk 0:14:32]} 26. d5 {[%clk 0:11:23]} Rhd8 {[%clk 0:13:01]} 27. Bf2
{[%clk 0:10:18]} a5 {[%clk 0:11:52]} 28. Bh4 {[%clk 0:09:58]} Rd7
{[%clk 0:12:15]} 29. Kf2 {[%clk 0:09:51]} Ra6 {[%clk 0:12:10]} 30. Rxa6
{[%clk 0:08:45]} bxa6 {[%clk 0:12:35]} 31. Ke3 {[%clk 0:09:10]} Bb1
{[%clk 0:11:05]} 32. c6 {[%clk 0:08:37]} Rd8 {[%clk 0:11:31]} 33. a3
{[%clk 0:07:37]} Rb8 {[%clk 0:11:57]} 34. c5 {[%clk 0:07:17]} Rb3+
{[%clk 0:12:10]} 35. Kd4 {[%clk 0:07:00]} Bf5 {[%clk 0:04:14]} 36. d6
{[%clk 0:06:25]} Ke8 {[%clk 0:04:26]} 37. Bxe7 {[%clk 0:05:00]} Rxa3
{[%clk 0:04:03]} 38. Bxa6 {[%clk 0:03:56]} Ra4+ {[%clk 0:04:29]} 39. Kc3
{[%clk 0:03:33]} Ra1 {[%clk 0:03:00]} 40. c7 {[%clk 0:02:24]} Rc1+
{[%clk 0:03:18]} 41. Kd4 {[%clk 0:02:25]} Rd1+ {[%clk 0:03:44]} 42. Ke3
{[%clk 0:02:25]} Re1+ {[%clk 0:04:05]} 43. Kd2 {[%clk 0:02:46]} Rxe7
{[%clk 0:00:31]} 44. dxe7 {[%clk 0:03:01]} Kxe7 {[%clk 0:00:34]} 45. c8=Q
{[%clk 0:03:24]} Bxc8 {[%clk 0:00:58]} 46. Bxc8 {[%clk 0:03:52]} Kf6
{[%clk 0:01:10]} 47. Bh3 {[%clk 0:03:59]} Ke7 {[%clk 0:01:37]} 48. Kc3
{[%clk 0:04:10]} 1-0

[Event "ChampionshipRT"]
[Site "?"]
[Date "2015.10.10"]
[Round "9.5"]
[White "Samusenko, Aleksandr V"]
[Black "Glukhov, Alexander"]
[Result "1-0"]
[LiveChessVersion "1.4.6"]
[BlackElo "2287"]
[WhiteElo "2325"]

1. d4 {[%clk 1:30:57]} Nf6 {[%clk 1:16:44]} 2. Bf4 {[%clk 1:31:05]} g6
{[%clk 1:16:22]} 3. Nc3 {[%clk 1:30:47]} d5 {[%clk 1:11:42]} 4. Qd2
{[%clk 1:30:24]} Bg7 {[%clk 1:03:11]} 5. Bh6 {[%clk 1:29:18]} O-O
{[%clk 0:58:26]} 6. Bxg7 {[%clk 1:28:18]} Kxg7 {[%clk 0:58:53]} 7. f3
{[%clk 1:28:01]} c5 {[%clk 0:56:59]} 8. e3 {[%clk 1:28:20]} Nc6 {[%clk 0:55:43]}
9. g4 {[%clk 1:27:04]} cxd4 {[%clk 0:49:07]} 10. exd4 {[%clk 1:27:24]} h5
{[%clk 0:48:20]} 11. gxh5 {[%clk 1:23:04]} Nxh5 {[%clk 0:48:29]} 12. O-O-O
{[%clk 1:18:39]} Qd6 {[%clk 0:48:47]} 13. Nge2 {[%clk 1:13:20]} Rh8
{[%clk 0:44:05]} 14. Rg1 {[%clk 0:59:18]} Bf5 {[%clk 0:36:14]} 15. Ng3
{[%clk 0:52:23]} Be6 {[%clk 0:34:49]} 16. Nce2 {[%clk 0:50:49]} 1-0